[Event "DVM U14 2022"]
[Site "Kelheim GER"]
[Date "2022.12.30"]
[Round "7"]
[White "Klaus, Daniel"]
[Black "Eichner, Tim"]
[Result "0-1"]
[Termination "normal"]
[Board "3.4"]
[WhiteElo "1193"]
[BlackElo "1551"]
[WhiteClock "00:02:37"]
[BlackClock "00:15:02"]
[WhiteTeam "Schachfreunde Essen-Katernberg 04/32 e. V."]
[BlackTeam "USV TU Dresden"]
[PlyCount "72"]
[WhiteFideId "16286286"]
[BlackFideId "34617213"]
[EventCountry "GER"]
[EventRounds "7"]
[EventType "team-swiss"]
[EventDate "2022.12.26"]

1. e4 {[%clk 01:30:58]} {[%emt 00:00:01]} e5 {[%clk 01:30:54]} {[%emt
00:00:06]} 2. d4 {[%clk 01:31:23]} {[%emt 00:00:06]} exd4 {[%clk 01:31:20]}
{[%emt 00:00:04]} 3. Nf3 {[%clk 01:31:42]} {[%emt 00:00:10]} Nc6 {[%clk
01:31:25]} {[%emt 00:00:25]} 4. Bc4 {[%clk 01:32:04]} {[%emt 00:00:08]} Nf6
{[%clk 01:31:41]} {[%emt 00:00:15]} 5. e5 {[%clk 01:32:12]} {[%emt 00:00:22]}
d5 {[%clk 01:31:35]} {[%emt 00:00:36]} 6. Bb5 {[%clk 01:32:30]} {[%emt
00:00:11]} Ne4 {[%clk 01:31:18]} {[%emt 00:00:48]} 7. Nxd4 {[%clk 01:32:30]}
{[%emt 00:00:29]} Bd7 {[%clk 01:30:57]} {[%emt 00:00:51]} 8. Bxc6 {[%clk
01:32:39]} {[%emt 00:00:21]} bxc6 {[%clk 01:31:05]} {[%emt 00:00:22]} 9. O-O
{[%clk 01:32:53]} {[%emt 00:00:16]} Bc5 {[%clk 01:30:53]} {[%emt 00:00:42]} 10.
f3 {[%clk 01:33:05]} {[%emt 00:00:19]} Ng5 {[%clk 01:30:52]} {[%emt 00:00:31]}
11. f4 {[%clk 01:33:22]} {[%emt 00:00:12]} Ne4 {[%clk 01:30:42]} {[%emt
00:00:41]} 12. Be3 {[%clk 01:33:39]} {[%emt 00:00:13]} Bb6 {[%clk 01:30:27]}
{[%emt 00:00:45]} 13. Nd2 {[%clk 01:30:59]} {[%emt 00:03:09]} Nxd2 {[%clk
01:29:56]} {[%emt 00:01:02]} 14. Qxd2 {[%clk 01:31:01]} {[%emt 00:00:28]} c5
{[%clk 01:29:07]} {[%emt 00:01:18]} 15. Nf3 {[%clk 01:29:43]} {[%emt 00:01:48]}
d4 {[%clk 01:28:34]} {[%emt 00:01:03]} 16. Bf2 {[%clk 01:29:55]} {[%emt
00:00:18]} Bc6 {[%clk 01:27:04]} {[%emt 00:02:00]} 17. Bh4 {[%clk 01:28:13]}
{[%emt 00:02:12]} Qd7 {[%clk 01:26:06]} {[%emt 00:01:28]} 18. f5 {[%clk
01:17:20]} {[%emt 00:11:23]} Qxf5 {[%clk 01:24:34]} {[%emt 00:02:03]} 19. Ng5
{[%clk 01:05:34]} {[%emt 00:12:15]} Qg6 {[%clk 01:22:12]} {[%emt 00:02:52]} 20.
Nxf7 {[%clk 00:50:02]} {[%emt 00:16:03]} Rf8 {[%clk 01:16:09]} {[%emt
00:06:32]} 21. Ng5 {[%clk 00:40:17]} {[%emt 00:10:14]} Rxf1 {[%clk 01:08:41]}
{[%emt 00:07:59]} 22. Rxf1 {[%clk 00:40:19]} {[%emt 00:00:28]} O-O-O {[%clk
01:06:22]} {[%emt 00:02:49]} 23. Nh3 {[%clk 00:26:50]} {[%emt 00:13:59]} Re8
{[%clk 00:57:44]} {[%emt 00:09:08]} 24. Nf4 {[%clk 00:26:07]} {[%emt 00:01:13]}
Qe4 {[%clk 00:52:40]} {[%emt 00:05:34]} 25. Re1 {[%clk 00:23:35]} {[%emt
00:03:02]} Qf5 {[%clk 00:46:11]} {[%emt 00:07:00]} 26. Bg3 {[%clk 00:22:54]}
{[%emt 00:01:10]} Rxe5 {[%clk 00:42:20]} {[%emt 00:04:21]} 27. Rf1 {[%clk
00:19:38]} {[%emt 00:03:46]} Qg5 {[%clk 00:39:43]} {[%emt 00:03:08]} 28. Qd3
{[%clk 00:16:48]} {[%emt 00:03:19]} c4 {[%clk 00:29:15]} {[%emt 00:10:58]} 29.
Qd1 {[%clk 00:11:28]} {[%emt 00:05:50]} Re8 {[%clk 00:22:55]} {[%emt 00:06:50]}
30. Kh1 {[%clk 00:10:48]} {[%emt 00:01:10]} Bc5 {[%clk 00:21:03]} {[%emt
00:02:21]} 31. Re1 {[%clk 00:06:32]} {[%emt 00:04:46]} Rxe1 {[%clk 00:19:25]}
{[%emt 00:02:09]} 32. Qxe1 {[%clk 00:06:38]} {[%emt 00:00:24]} Bd6 {[%clk
00:18:39]} {[%emt 00:01:16]} 33. Qf2 {[%clk 00:04:03]} {[%emt 00:03:05]} h5
{[%clk 00:17:32]} {[%emt 00:01:38]} 34. Ne2 {[%clk 00:02:28]} {[%emt 00:02:04]}
Bxg3 {[%clk 00:16:28]} {[%emt 00:01:34]} 35. Qxg3 {[%clk 00:02:28]} {[%emt
00:00:31]} Qd2 {[%clk 00:14:41]} {[%emt 00:02:16]} 36. Qh3 {[%clk 00:02:37]}
{[%emt 00:00:21]} Kb8 {[%clk 00:15:02]} {[%emt 00:00:09]} 0-1

[Event "DVM U14 2022"]
[Site "Kelheim GER"]
[Date "2022.12.30"]
[Round "7"]
[White "Dubinker, Philipp"]
[Black "Blodig, Vincent"]
[Result "1-0"]
[Termination "normal"]
[Board "4.1"]
[WhiteElo "1639"]
[BlackElo "1541"]
[WhiteClock "00:37:48"]
[BlackClock "00:40:32"]
[WhiteTeam "SK Marburg 1931/72"]
[BlackTeam "Schachfreunde Augsburg"]
[PlyCount "105"]
[WhiteFideId "34608320"]
[BlackFideId "16297857"]
[EventCountry "GER"]
[EventRounds "7"]
[EventType "team-swiss"]
[EventDate "2022.12.26"]

1. Nf3 {[%clk 01:30:59]} d5 {[%clk 01:30:51]} {[%emt 00:00:09]} 2. d4 {[%clk
01:31:25]} {[%emt 00:00:04]} Nf6 {[%clk 01:30:59]} {[%emt 00:00:22]} 3. c4
{[%clk 01:31:41]} {[%emt 00:00:15]} e6 {[%clk 01:31:23]} {[%emt 00:00:06]} 4.
g3 {[%clk 01:32:06]} {[%emt 00:00:05]} dxc4 {[%clk 01:30:14]} {[%emt 00:01:38]}
5. Bg2 {[%clk 01:32:22]} {[%emt 00:00:15]} Nc6 {[%clk 01:30:28]} {[%emt
00:00:15]} 6. Qa4 {[%clk 01:32:36]} {[%emt 00:00:16]} Bd7 {[%clk 01:30:41]}
{[%emt 00:00:16]} 7. Qxc4 {[%clk 01:32:53]} {[%emt 00:00:14]} Rc8 {[%clk
01:30:40]} {[%emt 00:00:31]} 8. O-O {[%clk 01:30:14]} {[%emt 00:03:10]} Na5
{[%clk 01:29:29]} {[%emt 00:01:41]} 9. Qd3 {[%clk 01:29:21]} {[%emt 00:01:23]}
c5 {[%clk 01:29:26]} {[%emt 00:00:33]} 10. Nc3 {[%clk 01:20:25]} {[%emt
00:09:25]} Bc6 {[%clk 01:15:52]} {[%emt 00:14:05]} 11. Rd1 {[%emt 00:09:33]}
cxd4 {[%clk 01:11:14]} 12. Nxd4 {[%clk 01:04:43]} {[%emt 00:12:16]} Bxg2 {[%clk
01:10:23]} {[%emt 00:01:21]} 13. Kxg2 {[%clk 01:04:47]} {[%emt 00:00:26]} Nc6
{[%clk 01:08:11]} {[%emt 00:02:42]} 14. Qb5 {[%clk 01:01:08]} {[%emt 00:04:07]}
Qb6 {[%clk 01:00:13]} {[%emt 00:08:30]} 15. Qxb6 {[%clk 00:59:08]} {[%emt
00:02:29]} axb6 {[%clk 01:00:27]} {[%emt 00:00:16]} 16. a3 {[%clk 00:56:20]}
{[%emt 00:03:16]} g6 {[%clk 00:57:36]} {[%emt 00:03:24]} 17. Ndb5 {[%clk
00:55:00]} {[%emt 00:01:49]} Rd8 {[%clk 00:53:23]} {[%emt 00:04:44]} 18. Bg5
{[%clk 00:54:40]} {[%emt 00:00:50]} Bg7 {[%clk 00:51:16]} {[%emt 00:02:37]} 19.
Nd6 {[%clk 00:52:36]} {[%emt 00:02:33]} Ke7 {[%clk 00:50:25]} {[%emt 00:01:22]}
20. Nxb7 {[%clk 00:52:01]} {[%emt 00:01:04]} Rxd1 {[%clk 00:50:35]} {[%emt
00:00:20]} 21. Rxd1 {[%clk 00:52:22]} {[%emt 00:00:09]} h6 {[%clk 00:50:52]}
{[%emt 00:00:14]} 22. Be3 {[%clk 00:46:17]} {[%emt 00:06:35]} Rb8 {[%clk
00:47:58]} {[%emt 00:03:24]} 23. Nd6 {[%clk 00:46:10]} {[%emt 00:00:37]} Ng4
{[%clk 00:46:43]} {[%emt 00:01:45]} 24. Bxb6 {[%clk 00:44:47]} {[%emt
00:01:53]} Nge5 {[%clk 00:44:01]} {[%emt 00:03:11]} 25. Bc5 {[%clk 00:42:40]}
{[%emt 00:02:37]} Nd7 {[%clk 00:42:41]} {[%emt 00:01:51]} 26. Nf5 {[%clk
00:38:41]} {[%emt 00:04:28]} Kf6 {[%clk 00:43:01]} {[%emt 00:00:11]} 27. Rxd7
{[%clk 00:38:46]} {[%emt 00:00:25]} gxf5 {[%clk 00:43:20]} {[%emt 00:00:12]}
28. b4 {[%clk 00:38:05]} {[%emt 00:01:10]} Kg6 {[%clk 00:43:25]} {[%emt
00:00:25]} 29. Rc7 {[%clk 00:37:28]} {[%emt 00:01:08]} Bxc3 {[%clk 00:39:48]}
{[%emt 00:04:06]} 30. Rxc6 {[%clk 00:37:39]} {[%emt 00:00:19]} Bb2 {[%clk
00:38:59]} {[%emt 00:01:20]} 31. a4 {[%clk 00:37:19]} {[%emt 00:00:49]} Kf6
{[%clk 00:37:49]} {[%emt 00:01:40]} 32. a5 {[%clk 00:35:52]} {[%emt 00:01:55]}
Ba3 {[%clk 00:36:28]} {[%emt 00:01:54]} 33. Rb6 {[%clk 00:35:56]} {[%emt
00:00:25]} Ra8 {[%clk 00:36:51]} {[%emt 00:00:06]} 34. Kf3 {[%clk 00:35:31]}
{[%emt 00:00:55]} Ke5 {[%clk 00:37:13]} {[%emt 00:00:10]} 35. Ke3 {[%clk
00:34:10]} {[%emt 00:01:50]} Kd5 {[%clk 00:37:27]} {[%emt 00:00:17]} 36. Kd3
{[%clk 00:33:50]} {[%emt 00:00:39]} Bb2 {[%clk 00:36:03]} {[%emt 00:02:04]} 37.
f4 {[%clk 00:33:38]} {[%emt 00:00:42]} Rd8 {[%clk 00:36:16]} {[%emt 00:00:17]}
38. a6 {[%clk 00:33:43]} {[%emt 00:00:25]} e5 {[%clk 00:36:22]} {[%emt
00:00:24]} 39. Rd6 {[%clk 00:33:48]} {[%emt 00:00:25]} Rxd6 {[%clk 00:36:48]}
{[%emt 00:00:04]} 40. Bxd6 {[%clk 00:34:11]} {[%emt 00:00:08]} e4 {[%clk
00:37:13]} {[%emt 00:00:07]} 41. Kc2 {[%clk 00:34:08]} {[%emt 00:00:28]} Bd4
{[%clk 00:37:21]} {[%emt 00:00:24]} 42. Bc5 {[%clk 00:33:57]} {[%emt 00:00:41]}
Bxc5 {[%clk 00:37:21]} {[%emt 00:00:30]} 43. bxc5 {[%clk 00:34:18]} {[%emt
00:00:09]} Kc6 {[%clk 00:37:44]} {[%emt 00:00:07]} 44. Kc3 {[%clk 00:34:36]}
{[%emt 00:00:12]} h5 {[%clk 00:38:01]} {[%emt 00:00:12]} 45. h3 {[%clk
00:34:52]} {[%emt 00:00:15]} f6 {[%clk 00:38:22]} {[%emt 00:00:09]} 46. e3
{[%clk 00:35:17]} {[%emt 00:00:05]} Kc7 {[%clk 00:38:45]} {[%emt 00:00:07]} 47.
Kc4 {[%clk 00:35:43]} {[%emt 00:00:05]} Kc6 {[%clk 00:39:07]} {[%emt 00:00:07]}
48. Kb4 {[%clk 00:35:56]} {[%emt 00:00:17]} Kc7 {[%clk 00:39:30]} {[%emt
00:00:07]} 49. Kb5 {[%clk 00:36:21]} {[%emt 00:00:05]} Kb8 {[%clk 00:39:46]}
{[%emt 00:00:15]} 50. Kb6 {[%clk 00:36:47]} {[%emt 00:00:04]} Ka8 {[%clk
00:40:02]} {[%emt 00:00:14]} 51. c6 {[%clk 00:37:04]} {[%emt 00:00:13]} h4
{[%clk 00:40:18]} {[%emt 00:00:14]} 52. c7 {[%clk 00:37:26]} {[%emt 00:00:07]}
hxg3 {[%clk 00:40:32]} {[%emt 00:00:16]} 53. c8=Q# {[%clk 00:37:48]} {[%emt
00:00:09]} 1-0

[Event "DVM U14 2022"]
[Site "Kelheim GER"]
[Date "2022.12.30"]
[Round "7"]
[White "Wachtel, Alexandra"]
[Black "Jung, Felix"]
[Result "0-1"]
[Termination "normal"]
[Board "4.4"]
[WhiteElo "1147"]
[BlackElo "1290"]
[WhiteClock "00:36:49"]
[BlackClock "01:04:25"]
[WhiteTeam "Schachfreunde Augsburg"]
[BlackTeam "SK Marburg 1931/72"]
[PlyCount "68"]
[WhiteFideId "34620427"]
[BlackFideId "34608290"]
[EventCountry "GER"]
[EventRounds "7"]
[EventType "team-swiss"]
[EventDate "2022.12.26"]

1. e4 {[%clk 01:30:59]} e5 {[%clk 01:30:54]} {[%emt 00:00:07]} 2. Nf3 {[%clk
01:31:23]} {[%emt 00:00:06]} Nc6 {[%clk 01:31:11]} {[%emt 00:00:11]} 3. d4
{[%clk 01:31:46]} {[%emt 00:00:08]} exd4 {[%clk 01:28:20]} {[%emt 00:03:22]} 4.
Bc4 {[%clk 01:32:07]} {[%emt 00:00:09]} Bb4 {[%clk 01:27:28]} {[%emt 00:01:21]}
5. c3 {[%clk 01:32:28]} {[%emt 00:00:10]} dxc3 {[%clk 01:26:47]} {[%emt
00:01:10]} 6. bxc3 {[%clk 01:32:44]} {[%emt 00:00:15]} Be7 {[%clk 01:26:31]}
{[%emt 00:00:45]} 7. Qd5 {[%clk 01:33:04]} {[%emt 00:00:10]} Nh6 {[%clk
01:25:14]} {[%emt 00:01:47]} 8. Bxh6 {[%clk 01:33:24]} {[%emt 00:00:11]} O-O
{[%clk 01:25:04]} {[%emt 00:00:40]} 9. Bxg7 {[%clk 01:26:01]} {[%emt 00:07:52]}
Kxg7 {[%clk 01:24:07]} {[%emt 00:01:26]} 10. h4 {[%clk 01:22:58]} {[%emt
00:03:35]} Bf6 {[%clk 01:23:39]} {[%emt 00:00:57]} 11. a3 {[%clk 01:17:09]}
{[%emt 00:06:19]} h6 {[%clk 01:22:14]} {[%emt 00:01:55]} 12. Qh5 {[%clk
01:08:42]} {[%emt 00:08:52]} d6 {[%clk 01:19:08]} {[%emt 00:03:41]} 13. g4
{[%clk 01:04:54]} {[%emt 00:04:18]} Qe7 {[%clk 01:17:25]} {[%emt 00:02:12]} 14.
Nfd2 {[%clk 00:58:04]} {[%emt 00:07:20]} Rh8 {[%clk 01:14:29]} {[%emt
00:03:27]} 15. Rh3 {[%clk 00:53:40]} {[%emt 00:04:51]} Ne5 {[%clk 01:13:47]}
{[%emt 00:01:16]} 16. Be2 {[%clk 00:53:12]} {[%emt 00:00:56]} Kf8 {[%clk
01:12:56]} {[%emt 00:01:22]} 17. Ra2 {[%clk 00:49:53]} {[%emt 00:03:49]} Ng6
{[%clk 01:11:41]} {[%emt 00:01:45]} 18. Qa5 {[%clk 00:46:40]} {[%emt 00:03:41]}
Nf4 {[%clk 01:10:07]} {[%emt 00:02:07]} 19. Rg3 {[%clk 00:45:38]} {[%emt
00:01:29]} Bxh4 {[%clk 01:10:10]} {[%emt 00:00:30]} 20. Rg1 {[%clk 00:43:04]}
{[%emt 00:03:01]} d5 {[%clk 01:08:01]} {[%emt 00:02:42]} 21. Qb4 {[%clk
00:41:57]} {[%emt 00:01:36]} c5 {[%clk 01:07:49]} {[%emt 00:00:42]} 22. Qa4
{[%clk 00:41:06]} {[%emt 00:01:20]} Bd7 {[%clk 01:07:42]} {[%emt 00:00:38]} 23.
Qc2 {[%clk 00:40:53]} {[%emt 00:00:43]} Bc6 {[%clk 01:06:48]} {[%emt 00:01:26]}
24. Bf3 {[%clk 00:40:36]} {[%emt 00:00:45]} Re8 {[%clk 01:05:44]} {[%emt
00:01:34]} 25. Rh1 {[%clk 00:38:12]} {[%emt 00:02:55]} dxe4 {[%clk 01:05:07]}
{[%emt 00:01:07]} 26. Nxe4 {[%clk 00:36:42]} {[%emt 00:02:00]} Bxe4 {[%clk
01:05:25]} {[%emt 00:00:12]} 27. Bxe4 {[%clk 00:37:00]} {[%emt 00:00:12]} Qxe4
{[%clk 01:05:13]} {[%emt 00:00:41]} 28. Qxe4 {[%clk 00:37:22]} {[%emt
00:00:08]} Rxe4 {[%clk 01:05:33]} {[%emt 00:00:10]} 29. Kf1 {[%clk 00:37:40]}
{[%emt 00:00:12]} Bg5 {[%clk 01:05:25]} {[%emt 00:00:38]} 30. Rd2 {[%clk
00:37:16]} {[%emt 00:00:54]} Kg7 {[%clk 01:04:58]} {[%emt 00:00:57]} 31. Rd7
{[%clk 00:37:15]} {[%emt 00:00:30]} Rd8 {[%clk 01:04:25]} {[%emt 00:01:04]} 32.
Rxd8 {[%clk 00:37:23]} {[%emt 00:00:22]} Bxd8 {[%clk 01:04:46]} {[%emt
00:00:08]} 33. Nd2 {[%clk 00:36:43]} {[%emt 00:01:11]} Re2 {[%clk 01:04:20]}
{[%emt 00:00:56]} 34. Nc4 {[%clk 00:36:49]} {[%emt 00:00:24]} Rc2 {[%clk
01:04:25]} {[%emt 00:00:25]} 0-1

[Event "DVM U14 2022"]
[Site "Kelheim GER"]
[Date "2022.12.30"]
[Round "7"]
[White "Zhang, Yibo"]
[Black "Haubold, Sebastian"]
[Result "1/2-1/2"]
[Termination "normal"]
[Board "5.1"]
[WhiteElo "1537"]
[BlackElo "1998"]
[WhiteClock "00:21:27"]
[BlackClock "00:00:35"]
[WhiteTeam "SV Stuttgart-Wolfbusch 1956 e.V."]
[BlackTeam "SG Einheit Staßfurt"]
[PlyCount "81"]
[WhiteFideId "16287657"]
[BlackFideId "16259637"]
[EventCountry "GER"]
[EventRounds "7"]
[EventType "team-swiss"]
[EventDate "2022.12.26"]

1. e4 {[%clk 01:30:52]} {[%emt 00:00:08]} e5 {[%clk 01:30:47]} {[%emt
00:00:13]} 2. Nf3 {[%clk 01:31:13]} {[%emt 00:00:09]} Nc6 {[%clk 01:30:57]}
{[%emt 00:00:19]} 3. d4 {[%clk 01:31:32]} {[%emt 00:00:11]} exd4 {[%clk
01:31:15]} {[%emt 00:00:13]} 4. Nxd4 {[%clk 01:31:52]} {[%emt 00:00:10]} Bc5
{[%clk 01:31:33]} {[%emt 00:00:11]} 5. Nb3 {[%clk 01:32:09]} {[%emt 00:00:14]}
Bb6 {[%clk 01:30:36]} {[%emt 00:01:26]} 6. Qe2 {[%clk 01:32:20]} {[%emt
00:00:19]} d6 {[%clk 01:27:29]} {[%emt 00:03:37]} 7. Nc3 {[%clk 01:32:19]}
{[%emt 00:00:31]} Nf6 {[%clk 01:23:16]} {[%emt 00:04:45]} 8. Be3 {[%clk
01:32:10]} {[%emt 00:00:38]} O-O {[%clk 01:17:42]} {[%emt 00:06:03]} 9. f3
{[%clk 01:31:46]} {[%emt 00:00:55]} Be6 {[%clk 01:16:05]} {[%emt 00:02:07]} 10.
O-O-O {[%clk 01:31:31]} {[%emt 00:00:44]} Ne5 {[%clk 01:13:32]} {[%emt
00:03:04]} 11. Rg1 {[%clk 01:26:42]} {[%emt 00:05:19]} Bc4 {[%clk 01:05:46]}
{[%emt 00:08:16]} 12. Qe1 {[%clk 01:24:20]} {[%emt 00:02:52]} Bxe3 {[%clk
00:44:15]} {[%emt 00:22:01]} 13. Qxe3 {[%clk 01:24:29]} {[%emt 00:00:20]} Qe8
{[%clk 00:41:32]} {[%emt 00:03:13]} 14. g4 {[%clk 01:23:45]} {[%emt 00:01:15]}
Bxf1 {[%clk 00:39:13]} {[%emt 00:02:48]} 15. Rdxf1 {[%clk 01:22:16]} {[%emt
00:01:59]} b5 {[%clk 00:38:51]} {[%emt 00:00:52]} 16. g5 {[%clk 01:21:44]}
{[%emt 00:01:02]} Nh5 {[%clk 00:38:45]} {[%emt 00:00:36]} 17. Nd5 {[%clk
01:20:45]} {[%emt 00:01:29]} Nc4 {[%clk 00:33:58]} {[%emt 00:05:17]} 18. Qe1
{[%clk 01:16:20]} {[%emt 00:04:55]} Qe5 {[%clk 00:31:55]} {[%emt 00:02:32]} 19.
Qc3 {[%clk 01:13:32]} {[%emt 00:03:19]} Qxc3 {[%clk 00:17:07]} {[%emt
00:15:18]} 20. Nxc3 {[%clk 01:11:40]} {[%emt 00:02:20]} Nf4 {[%clk 00:16:13]}
{[%emt 00:01:26]} 21. Nd4 {[%clk 01:07:17]} {[%emt 00:04:53]} b4 {[%clk
00:10:33]} {[%emt 00:06:10]} 22. Nce2 {[%clk 01:06:07]} {[%emt 00:01:40]} Nxe2
{[%clk 00:08:32]} {[%emt 00:02:32]} 23. Nxe2 {[%clk 01:06:11]} {[%emt
00:00:26]} f5 {[%clk 00:07:47]} {[%emt 00:01:14]} 24. exf5 {[%clk 01:02:22]}
{[%emt 00:04:19]} Ne3 {[%clk 00:07:14]} {[%emt 00:01:02]} 25. Re1 {[%clk
01:02:06]} {[%emt 00:00:47]} Nxf5 {[%clk 00:07:36]} {[%emt 00:00:08]} 26. f4
{[%clk 00:58:29]} {[%emt 00:04:05]} Rae8 {[%clk 00:07:12]} {[%emt 00:00:56]}
27. Kd2 {[%clk 00:52:35]} {[%emt 00:06:24]} Nh4 {[%clk 00:05:44]} {[%emt
00:01:58]} 28. Rg3 {[%clk 00:46:46]} {[%emt 00:06:19]} Re4 {[%clk 00:05:30]}
{[%emt 00:00:43]} 29. Kd3 {[%clk 00:40:48]} {[%emt 00:06:28]} Rfe8 {[%clk
00:05:49]} {[%emt 00:00:11]} 30. Kd2 {[%clk 00:35:39]} {[%emt 00:05:40]} Kf7
{[%clk 00:04:38]} {[%emt 00:01:41]} 31. Kd3 {[%clk 00:35:58]} {[%emt 00:00:11]}
Nf5 {[%clk 00:04:25]} {[%emt 00:00:43]} 32. Rf3 {[%clk 00:33:27]} {[%emt
00:03:01]} Nd4 {[%clk 00:03:50]} {[%emt 00:01:05]} 33. Rf2 {[%clk 00:33:30]}
{[%emt 00:00:27]} c5 {[%clk 00:03:58]} {[%emt 00:00:22]} 34. Kd2 {[%clk
00:26:24]} {[%emt 00:07:36]} Re3 {[%clk 00:03:10]} {[%emt 00:01:18]} 35. Kd1
{[%clk 00:25:22]} {[%emt 00:01:34]} Kg6 {[%clk 00:01:48]} {[%emt 00:01:51]} 36.
h4 {[%clk 00:23:35]} {[%emt 00:02:17]} Nxe2 {[%clk 00:01:03]} {[%emt 00:01:15]}
37. f5 {[%clk 00:23:22]} {[%emt 00:00:43]} Kf7 {[%clk 00:00:44]} {[%emt
00:00:49]} 38. Rfxe2 {[%clk 00:23:35]} {[%emt 00:00:17]} Rxe2 {[%clk 00:00:47]}
{[%emt 00:00:27]} 39. Rxe2 {[%clk 00:23:57]} {[%emt 00:00:08]} Rb8 {[%clk
00:00:39]} {[%emt 00:00:37]} 40. Re6 {[%clk 00:22:18]} {[%emt 00:02:09]} Rb6
{[%clk 00:00:35]} {[%emt 00:00:34]} 41. Kd2 {[%clk 00:21:27]} {[%emt 00:01:20]}
1/2-1/2

[Event "DVM U14 2022"]
[Site "Kelheim GER"]
[Date "2022.12.30"]
[Round "7"]
[White "Haubold, Christian"]
[Black "Marinin, Georgii"]
[Result "1-0"]
[Termination "normal"]
[Board "5.2"]
[WhiteElo "1981"]
[BlackElo "1425"]
[WhiteClock "01:16:47"]
[BlackClock "01:30:33"]
[WhiteTeam "SG Einheit Staßfurt"]
[BlackTeam "SV Stuttgart-Wolfbusch 1956 e.V."]
[PlyCount "111"]
[WhiteFideId "16259629"]
[BlackFideId "34617140"]
[EventCountry "GER"]
[EventRounds "7"]
[EventType "team-swiss"]
[EventDate "2022.12.26"]

1. e4 {[%clk 01:30:57]} {[%emt 00:00:02]} c6 {[%clk 01:30:56]} {[%emt
00:00:05]} 2. d4 {[%clk 01:31:19]} {[%emt 00:00:08]} d5 {[%clk 01:31:22]}
{[%emt 00:00:04]} 3. Nc3 {[%clk 01:31:32]} {[%emt 00:00:17]} dxe4 {[%clk
01:31:45]} {[%emt 00:00:07]} 4. Nxe4 {[%clk 01:31:53]} {[%emt 00:00:08]} Bf5
{[%clk 01:32:11]} {[%emt 00:00:05]} 5. Ng3 {[%clk 01:32:12]} {[%emt 00:00:11]}
Bg6 {[%clk 01:32:27]} {[%emt 00:00:15]} 6. Nf3 {[%clk 01:32:31]} {[%emt
00:00:09]} Nd7 {[%clk 01:32:51]} {[%emt 00:00:07]} 7. Bc4 {[%clk 01:31:57]}
{[%emt 00:01:04]} e6 {[%clk 01:33:03]} {[%emt 00:00:19]} 8. O-O {[%clk
01:31:52]} {[%emt 00:00:34]} Ngf6 {[%clk 01:33:28]} {[%emt 00:00:05]} 9. Re1
{[%clk 01:31:38]} {[%emt 00:00:44]} Be7 {[%clk 01:33:50]} {[%emt 00:00:08]} 10.
c3 {[%clk 01:31:21]} {[%emt 00:00:46]} O-O {[%clk 01:33:58]} {[%emt 00:00:23]}
11. Nh4 {[%clk 01:31:06]} {[%emt 00:00:45]} c5 {[%clk 01:34:05]} {[%emt
00:00:23]} 12. Nxg6 {[%clk 01:30:22]} {[%emt 00:01:13]} hxg6 {[%clk 01:34:28]}
{[%emt 00:00:07]} 13. Bb3 {[%clk 01:21:20]} {[%emt 00:09:34]} Rc8 {[%emt
00:01:43]} 14. Bg5 {[%clk 01:19:06]} {[%emt 00:02:43]} a6 {[%clk 01:30:33]}
{[%emt 00:03:11]} 15. Qf3 {[%emt 00:02:48]} Qb6 16. Rad1 Rfd8 17. d5 e5 18. Bc4
Re8 19. d6 Bxd6 20. Ne4 Be7 21. Rxd7 Rc7 22. Rxc7 Qxc7 23. Bxf6 gxf6 24. Nxf6
Bxf6 25. Qxf6 Qd7 26. Qxg6 Kf8 27. Qh6 Ke7 28. Rxe5 Kd8 29. Qb6 Kc8 30. Qxc5
Kb8 31. Qd5 Rd8 32. Qxd7 Rxd7 33. Rd5 Re7 34. Kf1 Kc7 35. Rf5 Kc6 36. Rxf7 Re5
37. Rf6 Kc7 38. f4 Rh5 39. h3 Ra5 40. a3 Rc5 41. Bd3 a5 42. Rf5 Rc6 43. g4 Rh6
44. Rh5 Rf6 45. f5 Rb6 46. Rh7 Kd8 47. b4 axb4 48. cxb4 Rd6 49. Ke2 b6 50. g5
Ke8 51. f6 Re6 52. Kf3 Rd6 53. Bg6 Kd8 54. Rh8 Kc7 55. f7 Rxg6 56. f8=Q {[%clk
01:16:47]} 1-0